[Event "World Youth & Cadets Blitz Championships"]
[Site "Rhodes, Greece"]
[Date "2022.05.03"]
[Round "6.26"]
[White "Mansurov, Yusuf"]
[Black "Beniosev, Daniel"]
[Result "1-0"]
[TimeControl "5'/game & 2\"/move"]
[WhiteElo "1848"]
[BlackElo "1355"]

1. e4 {[%clk 00:05:03]} c5 {[%clk 00:05:03]} {[%emt 00:00:01]} 2. c3 {[%clk
00:05:04]} {[%emt 00:00:02]} d5 {[%clk 00:05:04]} 3. exd5 {[%clk 00:05:04]}
{[%emt 00:00:02]} Qxd5 {[%clk 00:05:05]} 4. d4 {[%clk 00:05:05]} {[%emt
00:00:02]} Nf6 {[%clk 00:05:06]} 5. Nf3 {[%clk 00:05:05]} {[%emt 00:00:02]} Nc6
{[%clk 00:05:06]} 6. Na3 {[%clk 00:04:55]} {[%emt 00:00:12]} cxd4 {[%clk
00:04:58]} {[%emt 00:00:11]} 7. Nb5 {[%clk 00:04:47]} {[%emt 00:00:10]} Qd8
{[%clk 00:04:57]} {[%emt 00:00:01]} 8. Nbxd4 {[%clk 00:04:40]} {[%emt
00:00:10]} Nxd4 {[%clk 00:04:58]} {[%emt 00:00:01]} 9. Nxd4 {[%clk 00:04:40]}
{[%emt 00:00:02]} e5 {[%clk 00:04:59]} 10. Nb5 {[%clk 00:04:19]} {[%emt
00:00:24]} Qxd1+ {[%clk 00:05:00]} 11. Kxd1 {[%clk 00:04:19]} {[%emt 00:00:01]}
Bg4+ {[%clk 00:05:00]} {[%emt 00:00:01]} 12. f3 {[%clk 00:04:04]} {[%emt
00:00:18]} O-O-O+ {[%clk 00:05:01]} {[%emt 00:00:02]} 13. Ke1 {[%clk 00:03:58]}
{[%emt 00:00:07]} Bf5 {[%clk 00:04:54]} {[%emt 00:00:09]} 14. Bg5 {[%clk
00:03:05]} {[%emt 00:00:54]} a6 {[%clk 00:04:49]} {[%emt 00:00:08]} 15. Na3
{[%clk 00:02:43]} {[%emt 00:00:24]} h6 {[%clk 00:04:47]} {[%emt 00:00:04]} 16.
Bxf6 {[%clk 00:02:30]} {[%emt 00:00:15]} gxf6 {[%clk 00:04:46]} {[%emt
00:00:03]} 17. Nc4 {[%clk 00:02:24]} {[%emt 00:00:07]} Bc5 {[%clk 00:04:44]}
{[%emt 00:00:04]} 18. b4 {[%clk 00:01:59]} {[%emt 00:00:28]} Ba7 {[%clk
00:04:39]} {[%emt 00:00:06]} 19. g4 {[%clk 00:01:41]} {[%emt 00:00:20]} Bd3
{[%clk 00:04:39]} {[%emt 00:00:02]} 20. Nd2 {[%clk 00:01:30]} {[%emt 00:00:14]}
Be3 {[%clk 00:04:26]} {[%emt 00:00:14]} 21. Nb3 {[%clk 00:00:33]} {[%emt
00:01:00]} Bc2 {[%clk 00:03:56]} {[%emt 00:00:31]} 22. Bc4 {[%clk 00:00:19]}
{[%emt 00:00:16]} Rhf8 {[%clk 00:03:45]} {[%emt 00:00:13]} 23. Ke2 {[%clk
00:00:20]} {[%emt 00:00:02]} Ba7 {[%clk 00:03:35]} {[%emt 00:00:12]} 24. Nd2
{[%clk 00:00:19]} {[%emt 00:00:03]} Bg6 {[%clk 00:03:02]} {[%emt 00:00:33]} 25.
Rhd1 {[%clk 00:00:17]} {[%emt 00:00:06]} f5 {[%clk 00:02:45]} {[%emt 00:00:19]}
26. gxf5 {[%clk 00:00:17]} {[%emt 00:00:02]} Bxf5 {[%clk 00:02:46]} 27. Ne4
{[%clk 00:00:17]} {[%emt 00:00:02]} Kb8 {[%clk 00:02:34]} {[%emt 00:00:13]} 28.
Bd5 {[%clk 00:00:15]} {[%emt 00:00:04]} Rg8 {[%clk 00:01:47]} {[%emt 00:00:49]}
29. Ng3 {[%clk 00:00:15]} {[%emt 00:00:02]} Bg6 {[%clk 00:01:42]} {[%emt
00:00:07]} 30. Be4 {[%clk 00:00:13]} {[%emt 00:00:04]} Rc8 {[%clk 00:01:39]}
{[%emt 00:00:03]} 31. Rac1 {[%clk 00:00:14]} {[%emt 00:00:02]} Rcf8 {[%emt
00:00:35]} 32. Rd7 {[%clk 00:00:15]} Bxe4 {[%clk 00:01:08]} 33. fxe4 {[%clk
00:00:16]} Rg4 {[%clk 00:01:01]} {[%emt 00:00:09]} 34. Rcd1 {[%clk 00:00:17]}
{[%emt 00:00:02]} Bb6 {[%clk 00:00:47]} {[%emt 00:00:15]} 35. Re7 {[%clk
00:00:18]} {[%emt 00:00:02]} Rf4 {[%clk 00:00:42]} {[%emt 00:00:07]} 36. Rdd7
{[%clk 00:00:19]} Rf2+ {[%clk 00:00:42]} {[%emt 00:00:02]} 37. Ke1 {[%clk
00:00:20]} Be3 {[%clk 00:00:25]} {[%emt 00:00:19]} 38. Rxb7+ {[%emt 00:00:03]}
Kc8 {[%clk 00:00:24]} {[%emt 00:00:02]} 39. Nf1 {[%clk 00:00:22]} Rxa2 {[%clk
00:00:13]} {[%emt 00:00:13]} 40. Nxe3 {[%clk 00:00:22]} {[%emt 00:00:01]} Ra1+
{[%clk 00:00:14]} 41. Ke2 {[%clk 00:00:23]} Rg8 {[%clk 00:00:13]} {[%emt
00:00:03]} 42. Ra7 {[%clk 00:00:24]} {[%emt 00:00:02]} Kb8 {[%clk 00:00:12]}
{[%emt 00:00:03]} 43. Reb7+ {[%clk 00:00:25]} Kc8 {[%clk 00:00:13]} {[%emt
00:00:01]} 44. Ra8+ {[%clk 00:00:26]} Kxb7 {[%clk 00:00:12]} {[%emt 00:00:03]}
45. Rxg8 {[%clk 00:00:26]} Ra2+ {[%clk 00:00:13]} {[%emt 00:00:02]} 46. Kd3
{[%clk 00:00:24]} {[%emt 00:00:03]} Rxh2 {[%clk 00:00:13]} {[%emt 00:00:01]} 47.
Rg7 {[%clk 00:00:23]} {[%emt 00:00:04]} Rf2 {[%clk 00:00:14]} 48. Rh7 {[%clk
00:00:23]} {[%emt 00:00:02]} Kb6 {[%clk 00:00:13]} {[%emt 00:00:03]} 49. Rxh6+
{[%clk 00:00:23]} {[%emt 00:00:03]} Kb5 {[%clk 00:00:15]} 50. Rd6 {[%clk
00:00:20]} {[%emt 00:00:04]} f6 {[%clk 00:00:14]} {[%emt 00:00:04]} 51. Rd5+
{[%clk 00:00:20]} {[%emt 00:00:02]} Ka4 {[%clk 00:00:15]} {[%emt 00:00:01]} 52.
Ra5+ {[%clk 00:00:19]} {[%emt 00:00:02]} Kb3 {[%emt 00:00:01]} 53. Rxa6 {[%clk
00:00:20]} Rf3 {[%clk 00:00:09]} {[%emt 00:00:09]} 54. b5 {[%clk 00:00:20]}
{[%emt 00:00:01]} Rh3 {[%clk 00:00:08]} {[%emt 00:00:04]} 55. b6 {[%clk
00:00:21]} Rh8 {[%clk 00:00:09]} {[%emt 00:00:01]} 56. b7 {[%clk 00:00:21]}
{[%emt 00:00:02]} Rb8 {[%clk 00:00:10]} {[%emt 00:00:01]} 57. Ra7 {[%clk
00:00:22]} {[%emt 00:00:05]} 1-0

[Event "World Youth & Cadets Blitz Championships"]
[Site "Rhodes, Greece"]
[Date "2022.05.03"]
[Round "6.27"]
[White "Modith, Aaroh Mutyalapati"]
[Black "Pathak, Raghav"]
[Result "1-0"]
[TimeControl "5'/game & 2\"/move"]
[WhiteElo "1598"]
[BlackElo "1415"]

1. e4 {[%clk 00:05:04]} e5 {[%clk 00:04:50]} {[%emt 00:00:13]} 2. Nf3 {[%clk
00:05:00]} {[%emt 00:00:07]} Nf6 {[%clk 00:04:51]} {[%emt 00:00:01]} 3. Nc3
{[%clk 00:04:59]} {[%emt 00:00:03]} Nc6 {[%clk 00:04:53]} {[%emt 00:00:01]} 4.
Bb5 {[%clk 00:04:59]} {[%emt 00:00:01]} Bc5 {[%clk 00:04:52]} {[%emt 00:00:02]}
5. O-O {[%clk 00:04:54]} {[%emt 00:00:04]} a6 {[%clk 00:04:53]} {[%emt
00:00:05]} 6. Bxc6 {[%clk 00:04:55]} {[%emt 00:00:02]} dxc6 {[%clk 00:04:53]} 7.
Nxe5 {[%clk 00:04:55]} {[%emt 00:00:02]} O-O {[%clk 00:04:52]} {[%emt
00:00:03]} 8. d3 {[%clk 00:04:46]} {[%emt 00:00:12]} h6 {[%clk 00:04:50]}
{[%emt 00:00:03]} 9. h3 {[%clk 00:04:37]} {[%emt 00:00:11]} Re8 {[%clk
00:04:49]} {[%emt 00:00:02]} 10. Nf3 {[%clk 00:04:37]} {[%emt 00:00:03]} b5
{[%clk 00:04:44]} {[%emt 00:00:06]} 11. d4 {[%clk 00:04:35]} {[%emt 00:00:05]}
Bb6 {[%clk 00:04:45]} {[%emt 00:00:01]} 12. Re1 {[%clk 00:04:34]} {[%emt
00:00:03]} b4 {[%clk 00:04:46]} {[%emt 00:00:02]} 13. Na4 {[%clk 00:04:12]}
{[%emt 00:00:24]} Nxe4 {[%clk 00:04:42]} {[%emt 00:00:06]} 14. Nxb6 {[%clk
00:04:08]} {[%emt 00:00:05]} cxb6 {[%clk 00:04:42]} {[%emt 00:00:01]} 15. Bf4
{[%clk 00:04:08]} {[%emt 00:00:03]} Bf5 {[%clk 00:04:39]} {[%emt 00:00:05]} 16.
Ne5 {[%clk 00:04:03]} {[%emt 00:00:07]} Qh4 {[%clk 00:04:17]} {[%emt 00:00:20]}
17. Qf3 {[%clk 00:03:42]} {[%emt 00:00:26]} c5 {[%clk 00:04:14]} {[%emt
00:00:06]} 18. Rxe4 {[%clk 00:03:15]} {[%emt 00:00:28]} Bxe4 {[%clk 00:04:14]}
{[%emt 00:00:02]} 19. Qxe4 {[%clk 00:03:16]} {[%emt 00:00:02]} g5 {[%clk
00:04:08]} {[%emt 00:00:05]} 20. g3 {[%clk 00:03:08]} {[%emt 00:00:13]} Qxh3
{[%clk 00:04:07]} 21. Qb7 {[%clk 00:02:06]} {[%emt 00:01:06]} Qf5 {[%clk
00:03:49]} {[%emt 00:00:18]} 22. Be3 {[%clk 00:02:06]} {[%emt 00:00:04]} Qe6
{[%clk 00:03:33]} {[%emt 00:00:18]} 23. Qd7 {[%emt 00:01:10]} Rad8 {[%emt
00:00:02]} 24. Qxe6 {[%clk 00:01:15]} Rxe6 {[%clk 00:03:17]} 25. c3 {[%clk
00:01:02]} {[%emt 00:00:16]} a5 {[%clk 00:03:04]} {[%emt 00:00:14]} 26. Rd1
{[%clk 00:00:57]} {[%emt 00:00:08]} Rxe5 {[%clk 00:03:04]} {[%emt 00:00:02]} 27.
Re1 {[%clk 00:00:39]} {[%emt 00:00:20]} cxd4 {[%clk 00:03:02]} {[%emt
00:00:04]} 28. cxd4 {[%clk 00:00:40]} Rxd4 {[%clk 00:03:02]} {[%emt 00:00:01]}
29. Kf1 {[%clk 00:00:41]} {[%emt 00:00:01]} Rde4 {[%clk 00:03:01]} {[%emt
00:00:03]} 30. Re2 {[%clk 00:00:42]} {[%emt 00:00:02]} b5 {[%clk 00:03:02]}
{[%emt 00:00:01]} 31. Ke1 {[%clk 00:00:44]} a4 {[%clk 00:03:01]} {[%emt
00:00:03]} 32. Kd2 {[%clk 00:00:45]} b3 {[%clk 00:03:02]} 33. a3 {[%clk
00:00:46]} b4 {[%clk 00:03:03]} {[%emt 00:00:01]} 34. axb4 {[%clk 00:00:47]}
{[%emt 00:00:02]} Rxb4 {[%clk 00:02:52]} {[%emt 00:00:12]} 35. Kc3 {[%clk
00:00:47]} {[%emt 00:00:02]} Rbe4 {[%clk 00:02:51]} {[%emt 00:00:03]} 36. Kd3
{[%clk 00:00:46]} {[%emt 00:00:03]} f5 {[%clk 00:02:51]} {[%emt 00:00:02]} 37.
f3 {[%clk 00:00:46]} {[%emt 00:00:02]} Rb4 {[%clk 00:02:47]} {[%emt 00:00:05]}
38. Kc3 {[%clk 00:00:45]} {[%emt 00:00:04]} Rb7 {[%clk 00:02:45]} {[%emt
00:00:03]} 39. Kd4 {[%clk 00:00:46]} {[%emt 00:00:02]} Re8 {[%clk 00:02:43]}
{[%emt 00:00:03]} 40. Kc3 {[%clk 00:00:42]} {[%emt 00:00:08]} Rc8+ {[%clk
00:02:43]} 41. Kd3 {[%clk 00:00:41]} {[%emt 00:00:03]} Rd7+ {[%emt 00:00:02]}
42. Bd4 {[%emt 00:00:02]} Rcd8 {[%clk 00:02:39]} {[%emt 00:00:02]} 43. Kc3
{[%clk 00:00:28]} {[%emt 00:00:16]} Rxd4 {[%clk 00:02:39]} 44. Re3 {[%clk
00:00:29]} {[%emt 00:00:01]} a3 {[%clk 00:02:39]} {[%emt 00:00:03]} 45. bxa3
{[%clk 00:00:29]} Rd3+ 46. Rxd3 {[%clk 00:00:29]} Rxd3+ {[%clk 00:02:40]} 47.
Kxd3 {[%clk 00:00:29]} Kf7 {[%emt 00:00:21]} 48. a4 {[%clk 00:00:24]} {[%emt
00:00:05]} Ke6 {[%clk 00:02:33]} 49. Kc3 {[%clk 00:00:25]} {[%emt 00:00:01]}
Kd7 {[%clk 00:02:34]} 50. Kxb3 {[%clk 00:00:26]} {[%emt 00:00:01]} Kc7 {[%clk
00:02:36]} 51. Kc4 {[%clk 00:00:27]} {[%emt 00:00:02]} Kb7 {[%clk 00:02:37]}
{[%emt 00:00:01]} 52. Kd5 {[%clk 00:00:28]} h5 {[%emt 00:00:04]} 53. Kd4 {[%clk
00:00:12]} {[%emt 00:00:16]} h4 {[%clk 00:02:37]} {[%emt 00:00:02]} 54. gxh4
{[%clk 00:00:13]} {[%emt 00:00:01]} gxh4 {[%clk 00:02:38]} 55. Ke3 {[%clk
00:00:14]} {[%emt 00:00:02]} Ka6 {[%clk 00:02:39]} {[%emt 00:00:01]} 56. Kf2
{[%clk 00:00:15]} Ka5 {[%emt 00:00:01]} 57. Kg2 {[%clk 00:00:16]} Kxa4 {[%clk
00:02:41]} {[%emt 00:00:01]} 58. Kh3 {[%clk 00:00:18]} Kb5 {[%clk 00:02:42]}
{[%emt 00:00:01]} 59. Kxh4 {[%clk 00:00:19]} Kc5 {[%clk 00:02:43]} {[%emt
00:00:02]} 60. Kg5 {[%clk 00:00:20]} Kd6 {[%clk 00:02:43]} {[%emt 00:00:03]} 61.
Kf6 {[%clk 00:00:19]} {[%emt 00:00:03]} f4 {[%clk 00:02:43]} {[%emt 00:00:02]}
62. Kf5 {[%clk 00:00:21]} Ke7 {[%clk 00:02:42]} {[%emt 00:01:12]} 63. Kxf4
{[%clk 00:01:13]} Kf6 64. Ke4 {[%emt 00:00:03]} Ke6 {[%clk 00:02:39]} {[%emt
00:00:02]} 65. f4 {[%clk 00:01:15]} Ke7 {[%clk 00:02:40]} 66. Ke5 {[%clk
00:01:16]} {[%emt 00:00:01]} Ke8 {[%clk 00:02:41]} 67. Ke6 {[%clk 00:01:17]}
Kf8 {[%clk 00:02:43]} 68. Kf6 {[%clk 00:01:18]} Ke8 {[%clk 00:02:41]} {[%emt
00:00:04]} 69. Kg7 {[%clk 00:01:19]} {[%emt 00:00:01]} Ke7 {[%clk 00:02:43]} 70.
f5 {[%clk 00:01:21]} Ke8 {[%clk 00:02:44]} 71. f6 {[%clk 00:01:22]} Kd7 {[%clk
00:02:46]} 72. f7 {[%emt 00:00:02]} Ke6 {[%clk 00:02:46]} 73. f8=Q {[%clk
00:01:22]} {[%emt 00:00:03]} Ke5 {[%clk 00:02:37]} {[%emt 00:00:11]} 1-0

[Event "World Youth & Cadets Blitz Championships"]
[Site "Rhodes, Greece"]
[Date "2022.05.03"]
[Round "6.28"]
[White "Jakhria, Kushal"]
[Black "Kovacs, Balazs"]
[Result "1-0"]
[TimeControl "5'/game & 2\"/move"]
[WhiteElo "1367"]
[BlackElo "1162"]

1. d4 {[%clk 00:05:02]} {[%emt 00:00:02]} Nf6 {[%clk 00:05:05]} {[%emt
00:00:01]} 2. c4 {[%clk 00:05:03]} {[%emt 00:00:01]} g6 {[%clk 00:05:06]} 3.
Nc3 {[%clk 00:05:05]} Bg7 {[%clk 00:05:07]} {[%emt 00:00:01]} 4. e4 {[%clk
00:05:06]} d6 {[%clk 00:05:08]} {[%emt 00:00:01]} 5. Nf3 {[%emt 00:00:02]} Nbd7
{[%clk 00:05:06]} {[%emt 00:00:03]} 6. Be2 {[%clk 00:05:07]} {[%emt 00:00:02]}
O-O {[%clk 00:05:06]} {[%emt 00:00:02]} 7. O-O {[%clk 00:05:04]} {[%emt
00:00:04]} e5 {[%clk 00:05:03]} {[%emt 00:00:06]} 8. Be3 {[%clk 00:05:05]}
{[%emt 00:00:02]} Ne8 {[%clk 00:04:45]} {[%emt 00:00:19]} 9. Qd2 {[%clk
00:05:03]} {[%emt 00:00:05]} f5 {[%clk 00:04:40]} {[%emt 00:00:07]} 10. dxe5
{[%clk 00:05:04]} {[%emt 00:00:01]} dxe5 {[%clk 00:04:37]} {[%emt 00:00:05]} 11.
Qd5+ {[%clk 00:05:02]} {[%emt 00:00:04]} Kh8 {[%clk 00:04:32]} {[%emt
00:00:07]} 12. Ng5 {[%clk 00:05:03]} {[%emt 00:00:01]} f4 {[%clk 00:04:26]}
{[%emt 00:00:08]} 13. Ne6 {[%clk 00:04:55]} {[%emt 00:00:10]} Qe7 {[%clk
00:04:00]} {[%emt 00:00:27]} 14. Nxf8 {[%clk 00:04:55]} {[%emt 00:00:02]} fxe3
{[%emt 00:00:37]} 15. Nxd7 {[%clk 00:04:55]} Bxd7 {[%clk 00:03:21]} 16. fxe3
{[%clk 00:04:52]} {[%emt 00:00:12]} Bc6 {[%clk 00:02:54]} {[%emt 00:00:28]} 17.
Qf7 {[%clk 00:04:49]} {[%emt 00:00:05]} Qc5 {[%clk 00:02:29]} {[%emt 00:00:29]}
18. Rf3 {[%clk 00:04:34]} {[%emt 00:00:16]} Nd6 {[%clk 00:02:28]} {[%emt
00:00:04]} 19. Qe6 {[%clk 00:04:22]} {[%emt 00:00:13]} Re8 {[%clk 00:02:10]}
{[%emt 00:00:21]} 20. Qg4 {[%clk 00:04:18]} {[%emt 00:00:05]} Nxc4 {[%clk
00:01:55]} {[%emt 00:00:17]} 21. Bxc4 {[%clk 00:04:12]} {[%emt 00:00:08]} Qxc4
{[%clk 00:01:55]} {[%emt 00:00:03]} 22. Raf1 {[%clk 00:04:11]} Qc5 {[%clk
00:01:20]} {[%emt 00:00:38]} 23. Rh3 {[%clk 00:03:46]} {[%emt 00:00:26]} Qd6
{[%clk 00:01:00]} {[%emt 00:00:24]} 24. Rd1 {[%clk 00:03:37]} {[%emt 00:00:10]}
Qf6 {[%clk 00:00:43]} {[%emt 00:00:19]} 25. Rf3 {[%clk 00:03:30]} {[%emt
00:00:07]} Qe7 {[%clk 00:00:40]} {[%emt 00:00:07]} 26. Nd5 {[%clk 00:03:20]}
{[%emt 00:00:12]} Bxd5 {[%clk 00:00:39]} {[%emt 00:00:04]} 27. Rxd5 {[%clk
00:03:18]} {[%emt 00:00:02]} Qb4 {[%clk 00:00:29]} {[%emt 00:00:13]} 28. Qh4
{[%clk 00:02:33]} {[%emt 00:00:46]} h6 {[%clk 00:00:12]} {[%emt 00:00:20]} 29.
Rf7 {[%clk 00:02:20]} {[%emt 00:00:15]} Kh7 {[%clk 00:00:10]} {[%emt 00:00:04]}
30. Rdd7 {[%clk 00:02:11]} {[%emt 00:00:11]} Rg8 {[%clk 00:00:11]} {[%emt
00:00:02]} 31. h3 {[%clk 00:01:28]} {[%emt 00:00:44]} Qb6 {[%emt 00:00:18]} 32.
Qe7 {[%clk 00:01:12]} {[%emt 00:00:04]} Qxe3+ {[%clk 00:00:06]} {[%emt
00:00:05]} 33. Kh2 {[%clk 00:01:11]} {[%emt 00:00:03]} Kh8 {[%clk 00:00:05]}
{[%emt 00:00:04]} 34. Rd8 {[%clk 00:00:48]} {[%emt 00:00:25]} Rxd8 {[%clk
00:00:00]} {[%emt 00:00:05]} 35. Qxd8+ {[%clk 00:00:48]} {[%emt 00:00:02]} Kh7
{[%clk 00:00:00]} 36. Qe7 {[%clk 00:00:48]} {[%emt 00:00:06]} 1-0

[Event "World Youth & Cadets Blitz Championships"]
[Site "Rhodes, Greece"]
[Date "2022.05.03"]
[Round "6.29"]
[White "Tamiolakis, Grigorios"]
[Black "Vihaan, Anupam Agrawal"]
[Result "1-0"]
[TimeControl "5'/game & 2\"/move"]
[WhiteElo "1187"]
[BlackElo "1325"]

1. e4 {[%clk 00:05:03]} c5 {[%clk 00:05:03]} {[%emt 00:00:01]} 2. c3 {[%clk
00:05:03]} {[%emt 00:00:01]} e6 {[%clk 00:05:02]} {[%emt 00:00:04]} 3. d4
{[%clk 00:05:04]} {[%emt 00:00:01]} cxd4 {[%clk 00:04:57]} {[%emt 00:00:07]} 4.
cxd4 {[%clk 00:05:03]} {[%emt 00:00:03]} d5 {[%clk 00:04:50]} {[%emt 00:00:10]}
5. exd5 {[%clk 00:05:01]} {[%emt 00:00:03]} exd5 {[%clk 00:04:50]} {[%emt
00:00:02]} 6. Nc3 {[%clk 00:05:01]} {[%emt 00:00:02]} Nf6 {[%clk 00:04:50]}
{[%emt 00:00:03]} 7. Be2 {[%clk 00:04:50]} {[%emt 00:00:13]} Nc6 {[%clk
00:04:41]} {[%emt 00:00:11]} 8. Nf3 {[%clk 00:04:47]} {[%emt 00:00:04]} Bb4
{[%clk 00:04:40]} {[%emt 00:00:02]} 9. Bd2 {[%clk 00:04:43]} {[%emt 00:00:07]}
Bg4 {[%clk 00:04:33]} {[%emt 00:00:10]} 10. a3 {[%clk 00:04:21]} {[%emt
00:00:26]} Bxc3 {[%clk 00:04:31]} {[%emt 00:00:04]} 11. Bxc3 {[%clk 00:04:16]}
{[%emt 00:00:08]} Qe7 {[%clk 00:04:26]} {[%emt 00:00:08]} 12. O-O {[%clk
00:04:11]} {[%emt 00:00:06]} O-O {[%clk 00:04:24]} {[%emt 00:00:04]} 13. Re1
{[%clk 00:03:54]} {[%emt 00:00:19]} Qd7 {[%clk 00:04:12]} {[%emt 00:00:15]} 14.
Ne5 {[%clk 00:03:29]} {[%emt 00:00:26]} Nxe5 {[%clk 00:04:07]} {[%emt
00:00:07]} 15. dxe5 {[%clk 00:03:26]} {[%emt 00:00:06]} Bxe2 {[%clk 00:04:03]}
{[%emt 00:00:06]} 16. Rxe2 {[%clk 00:02:58]} {[%emt 00:00:30]} Ng4 {[%clk
00:02:51]} {[%emt 00:01:13]} 17. Qd4 {[%clk 00:02:25]} {[%emt 00:00:35]} Rfe8
{[%clk 00:02:21]} {[%emt 00:00:27]} 18. e6 {[%clk 00:02:02]} {[%emt 00:00:30]}
Nf6 {[%emt 00:00:25]} 19. exd7 {[%clk 00:01:56]} {[%emt 00:00:01]} Rxe2 {[%clk
00:02:04]} {[%emt 00:00:03]} 20. Ba5 {[%clk 00:01:52]} {[%emt 00:00:07]} b6
{[%clk 00:01:59]} {[%emt 00:00:06]} 21. Bb4 {[%clk 00:01:25]} {[%emt 00:00:30]}
a5 {[%clk 00:01:58]} {[%emt 00:00:03]} 22. Bc3 {[%clk 00:01:17]} {[%emt
00:00:10]} b5 {[%clk 00:01:55]} {[%emt 00:00:05]} 23. Qb6 {[%clk 00:01:09]}
{[%emt 00:00:09]} Nxd7 {[%clk 00:01:32]} {[%emt 00:00:25]} 24. Qb7 {[%clk
00:01:00]} {[%emt 00:00:12]} Rd8 {[%clk 00:01:12]} {[%emt 00:00:22]} 25. Bxa5
{[%clk 00:00:59]} {[%emt 00:00:03]} Rde8 {[%clk 00:01:03]} {[%emt 00:00:10]} 26.
Qxd7 {[%clk 00:00:56]} {[%emt 00:00:05]} h6 {[%clk 00:00:51]} {[%emt 00:00:14]}
27. g3 {[%clk 00:00:54]} {[%emt 00:00:04]} Rf8 {[%clk 00:00:26]} {[%emt
00:00:28]} 28. Qxb5 {[%clk 00:00:50]} {[%emt 00:00:06]} Ree8 {[%clk 00:00:21]}
{[%emt 00:00:06]} 29. Qxd5 {[%clk 00:00:49]} {[%emt 00:00:03]} Rb8 {[%clk
00:00:14]} {[%emt 00:00:06]} 30. b4 {[%clk 00:00:49]} {[%emt 00:00:05]} Rfc8
{[%clk 00:00:05]} {[%emt 00:00:09]} 31. Rd1 {[%clk 00:00:49]} {[%emt 00:00:04]}
Kh7 {[%clk 00:00:04]} {[%emt 00:00:03]} 32. Qf5+ {[%clk 00:00:47]} {[%emt
00:00:04]} Kg8 {[%clk 00:00:05]} {[%emt 00:00:01]} 33. Qd5 {[%clk 00:00:45]}
{[%emt 00:00:04]} Kh7 {[%clk 00:00:06]} {[%emt 00:00:02]} 34. Qxf7 {[%clk
00:00:45]} {[%emt 00:00:02]} Rf8 {[%clk 00:00:06]} {[%emt 00:00:02]} 35. Qd5
{[%clk 00:00:41]} {[%emt 00:00:04]} Rfc8 {[%clk 00:00:06]} {[%emt 00:00:03]} 36.
b5 {[%clk 00:00:39]} {[%emt 00:00:05]} Re8 {[%clk 00:00:06]} {[%emt 00:00:02]}
37. a4 {[%clk 00:00:38]} {[%emt 00:00:02]} Rec8 {[%clk 00:00:06]} {[%emt
00:00:02]} 38. b6 {[%clk 00:00:38]} {[%emt 00:00:03]} Re8 {[%clk 00:00:07]}
{[%emt 00:00:01]} 39. b7 {[%clk 00:00:38]} {[%emt 00:00:02]} Rf8 {[%clk
00:00:07]} {[%emt 00:00:02]} 40. Bc7 {[%clk 00:00:35]} {[%emt 00:00:05]} Rbe8
{[%clk 00:00:06]} {[%emt 00:00:03]} 41. a5 {[%clk 00:00:33]} {[%emt 00:00:04]}
Rh8 {[%clk 00:00:04]} {[%emt 00:00:03]} 42. Qf5+ {[%clk 00:00:32]} {[%emt
00:00:03]} Kg8 {[%clk 00:00:04]} {[%emt 00:00:03]} 43. Rd7 {[%clk 00:00:31]}
{[%emt 00:00:03]} Rf8 {[%clk 00:00:04]} {[%emt 00:00:03]} 44. Qg6 {[%clk
00:00:28]} {[%emt 00:00:04]} Rh7 {[%clk 00:00:04]} {[%emt 00:00:02]} 45. a6
{[%clk 00:00:26]} {[%emt 00:00:03]} Kh8 {[%clk 00:00:05]} {[%emt 00:00:02]} 46.
a7 {[%clk 00:00:26]} {[%emt 00:00:02]} Kg8 {[%clk 00:00:05]} {[%emt 00:00:02]}
47. a8=R {[%clk 00:00:25]} {[%emt 00:00:03]} Kh8 {[%clk 00:00:05]} {[%emt
00:00:01]} 48. Rxf8# {[%clk 00:00:22]} {[%emt 00:00:05]} 1-0